[Event "2nd Vergani Cup 2018"]
[Site "Villorba ITA"]
[Date "2018.01.04"]
[Round "4.5"]
[White "Raja, Harshit"]
[Black "Blohberger, Felix"]
[Result "1-0"]
[WhiteTitle "IM"]
[BlackTitle "FM"]
[WhiteElo "2427"]
[BlackElo "2367"]
[WhiteFideId "5089000"]
[BlackFideId "1632051"]
[EventDate "2018.01.02"]

1. e4 e6 2. d4 d5 3. Nd2 c5 4. Ngf3 cxd4 5. Nxd4 Nc6 6. Bb5 Bd7 7. Nxc6 bxc6 8.
Bd3 Bd6 9. Qe2 Ne7 10. e5 Bc7 11. Nf3 Ng6 12. O-O O-O 13. Ng5 Qe8 14. f4 f5 15.
c4 h6 16. Nf3 Bb6+ 17. Kh1 d4 18. b4 c5 19. b5 a6 20. a4 axb5 21. cxb5 Ne7 22.
Bd2 Qd8 23. Qe1 Ba5 24. Qc1 Qc7 25. Bxa5 Rxa5 26. Nxd4 Rfa8 27. Nb3 Rxa4 28.
Rxa4 Rxa4 29. Qxc5 Qxc5 30. Nxc5 Rd4 31. b6 Bc6 32. Rc1 Rxf4 33. b7 Rb4 34. Rb1
Rxb1+ 35. Bxb1 Bxb7 36. Nxb7 Nc6 37. Ba2 g6 38. Nc5 Nxe5 39. Nxe6 Kf7 40. Nf4+
Kf6 41. Bb1 Nc4 42. h4 g5 43. Ba2 Nd6 44. Nd5+ Kg6 45. Kh2 Kh5 46. Nf6+ Kg6 47.
Nd7 Kh5 48. Nf6+ Kg6 49. Ng8 Kh7 50. Kh3 Kg6 51. Bb3 Kg7 52. Bd5 Kg6 53. Kg3 Kg7
54. Kf3 Kg6 55. Bb3 Kh5 56. Bc2 Kg6 57. Kg3 Kh5 58. Kf3 Kg6 59. Bd3 Kg7 60. Ne7
Kf6 61. Nc6 Kf7 62. Ke3 Kg6 63. Kd4 Kh5 64. hxg5 hxg5 65. Ke5 Kg4 66. Kxd6 Kg3
67. Bxf5 Kxg2 68. Bg4 Kg3 69. Ne5 Kf4 70. Ke6 Ke3 71. Kf5 Kd4 72. Nf3+ Ke3 73.
Ke5 Kd3 74. Nxg5 Kc4 75. Ne4 Kd3 76. Kf4 Kd4 77. Nd2 Kd3 78. Nf3 Kc3 79. Ke4 Kc4
80. Be6+ Kc3 81. Bd5 Kc2 82. Kd4 Kb2 83. Ne1 Kb1 84. Kc3 Ka1 85. Nc2+ Kb1 86.
Bc4 Kc1 87. Ba2 Kd1 88. Nd4 Ke1 89. Kd3 Kf2 90. Kd2 Kg2 91. Be6 Kg3 
92. Bf5 {...} 1-0

[Event "2nd Vergani Cup 2018"]
[Site "Villorba ITA"]
[Date "2018.01.04"]
[Round "4.6"]
[White "Hilverda, Alexander"]
[Black "Can, Isik"]
[Result "1-0"]
[BlackTitle "FM"]
[WhiteElo "2370"]
[BlackElo "2389"]
[WhiteFideId "4695437"]
[BlackFideId "6383742"]
[EventDate "2018.01.02"]

1. d4 d5 2. c4 c6 3. Nf3 Nf6 4. Nc3 dxc4 5. a4 Bf5 6. Ne5 Nbd7 7. Nxc4 Nb6 8.
Ne5 a5 9. f3 Nfd7 10. Nxd7 Nxd7 11. e4 Bg6 12. Be2 Qb6 13. f4 e5 14. fxe5 Rd8
15. Bg5 f6 16. exf6 Nxf6 17. Qc2 Rxd4 18. Be3 Nxe4 19. Bd3 Bb4 20. O-O Nxc3 21.
Bxg6+ hxg6 22. bxc3 Qc7 23. g3 1-0

[Event "2nd Vergani Cup 2018"]
[Site "Villorba ITA"]
[Date "2018.01.04"]
[Round "4.7"]
[White "Sukandar, Irine Kharisma"]
[Black "Rahul, Srivatshav P"]
[Result "1-0"]
[WhiteTitle "IM"]
[WhiteElo "2387"]
[BlackElo "2317"]
[WhiteFideId "7101937"]
[BlackFideId "25059653"]
[EventDate "2018.01.02"]

1. e4 c5 2. Nf3 e6 3. d4 cxd4 4. Nxd4 Nc6 5. Nc3 Qc7 6. Be3 a6 7. Bd3 Nf6 8. O-O
h5 9. h3 b5 10. Nxc6 Qxc6 11. a3 Bb7 12. Re1 Rc8 13. Qe2 Bd6 14. Bd4 h4 15. Qf3
Be7 16. Rad1 Kf8 17. Nb1 Rh6 18. Nd2 Bc5 19. c3 Qc7 20. Qe3 e5 21. Bxc5+ Qxc5
22. Qxc5+ Rxc5 23. Nf3 d6 24. Ra1 Bc6 25. Rac1 Bb7 26. b4 Rc7 27. c4 bxc4 28.
Rxc4 Rxc4 29. Bxc4 Ke7 30. Bd3 Rh8 31. Rc1 Rd8 32. Nxh4 Bxe4 33. Nf5+ Kf8 34.
Bxe4 Nxe4 35. f3 Nf6 36. Rc6 d5 37. Rxa6 d4 38. Kf1 Rc8 39. b5 Nd7 40. Ra7 Rd8
41. a4 Nc5 42. Ke1 e4 43. fxe4 g6 44. Ne7 d3 45. Nc6 d2+ 46. Kd1 Rd3 47. Ra8+
Kg7 48. Rd8 Ra3 49. Rxd2 Nxa4 50. Ke1 Re3+ 51. Kf2 Rxe4 52. Rd4 Rxd4 53. Nxd4
Kf6 54. Ke3 Ke5 55. h4 Nb6 56. Nf3+ Kf5 57. Kd4 Kf4 58. Ne5 Kg3 59. Nxf7 Kxh4
60. Ne5 g5 61. g4 Na4 62. Kc4 Nb6+ 63. Kd3 Na4 64. Kc2 Nb6 65. Kd2 Na4 66. Ke3
Kg3 67. Kd3 Kf4 68. Kd4 Nb6 69. Nc4 Na4 70. Ne3 Kf3 71. Kd3 Nb6 72. Nc4 Na4 73.
Ne5+ Kf4 74. Kd4 Nb6 75. Nc4 Nd7 76. Nb2 Nb6 77. Kc5 Nc8 78. Nc4 Kxg4 79. Nd6
Kh3 80. Nxc8 g4 81. Ne7 g3 82. Nd5 Kg4 83. Kd4 Kf5 84. Ke3 1-0

[Event "2nd Vergani Cup 2018"]
[Site "Villorba ITA"]
[Date "2018.01.04"]
[Round "4.8"]
[White "Mesaros, Florian"]
[Black "Vezzani, Stefano"]
[Result "1-0"]
[WhiteTitle "IM"]
[WhiteElo "2406"]
[BlackElo "2111"]
[WhiteFideId "1629220"]
[BlackFideId "802727"]
[EventDate "2018.01.02"]

1. Nf3 d6 2. d4 g6 3. e4 Bg7 4. Be2 Nf6 5. Nc3 O-O 6. O-O e6 7. Bg5 h6 8. Be3
Nc6 9. h3 b6 10. Nd2 Nd7 11. Nb3 Bb7 12. f4 Ne7 13. Qd2 Kh7 14. Rad1 a6 15. Bf3
Rc8 16. Kh2 d5 17. Bg1 f5 18. e5 c5 19. dxc5 Nxc5 20. Nxc5 Rxc5 21. Bxc5 bxc5
22. Na4 Qc7 23. c4 g5 24. g3 gxf4 25. gxf4 Ng6 26. Rg1 Nh4 27. Qf2 Nxf3+ 28.
Qxf3 Rg8 29. Qg3 Qc6 30. b3 d4 31. Rd2 Ba8 32. h4 Qe8 33. Nxc5 Bxe5 34. Qxg8+
Qxg8 35. Rxg8 Bxf4+ 36. Kh3 Kxg8 37. Rxd4 Be3 38. Rd8+ Kf7 39. Rxa8 Bxc5 40.
Rxa6 h5 41. Kg3 1-0

[Event "2nd Vergani Cup 2018"]
[Site "Villorba ITA"]
[Date "2018.01.04"]
[Round "4.9"]
[White "Baenziger, Fabian"]
[Black "Sadhwani, Raunak"]
[Result "1/2-1/2"]
[WhiteTitle "FM"]
[BlackTitle "FM"]
[WhiteElo "2403"]
[BlackElo "2321"]
[WhiteFideId "1330110"]
[BlackFideId "35093487"]
[EventDate "2018.01.02"]

1. d4 Nf6 2. c4 e6 3. Nc3 Bb4 4. Qc2 O-O 5. a3 Bxc3+ 6. Qxc3 b5 7. cxb5 c6 8.
Bg5 cxb5 9. e3 Bb7 10. f3 a6 11. Bd3 Nc6 12. Ne2 Rc8 13. O-O h6 14. Bh4 Nd5 15.
Bxd8 Nxc3 16. bxc3 Rfxd8 17. Kf2 Ne7 18. a4 Nd5 19. axb5 axb5 20. Ra7 Bc6 21.
Rb1 Rb8 22. e4 Nb6 23. Rb4 Nc4 24. Bxc4 bxc4 25. Rxc4 Rb2 26. Rb4 Rxb4 27. cxb4
Rb8 28. d5 exd5 29. exd5 Bxd5 30. Rxd7 1/2-1/2

[Event "2nd Vergani Cup 2018"]
[Site "Villorba ITA"]
[Date "2018.01.04"]
[Round "4.10"]
[White "Klek, Hanna Marie"]
[Black "Juhasz, Armin"]
[Result "1-0"]
[WhiteTitle "WGM"]
[BlackTitle "IM"]
[WhiteElo "2357"]
[BlackElo "2372"]
[WhiteFideId "24670057"]
[BlackFideId "724270"]
[EventDate "2018.01.02"]

1. e4 c6 2. d4 d5 3. e5 Bf5 4. h4 h6 5. g4 Bd7 6. h5 c5 7. c3 Nc6 8. Na3 Rc8 9.
f4 cxd4 10. cxd4 Qb6 11. Nc2 Nb4 12. Ne3 Bb5 13. Nf3 e6 14. Kf2 Ne7 15. Bd2 Bxf1
16. Qxf1 Nec6 17. Bc3 Qa6 18. Qxa6 Nxa6 19. f5 Be7 20. g5 hxg5 21. fxe6 fxe6 22.
Rag1 Nc7 23. Nxg5 Kd7 24. Nf3 Rh7 25. Ng2 Rf8 26. Ke3 Rf5 27. Nf4 b5 28. Be1 Nb4
29. Bxb4 Bxb4 30. Rg6 Be7 31. Rc1 Bd8 32. Rxc7+ Bxc7 33. Nxe6 Rh6 34. Nxg7 Rxg6
35. hxg6 Rf8 36. Nh5 Bd8 37. g7 Rg8 38. Kf4 Ke6 39. Ng5+ Bxg5+ 40. Kxg5 Kf7 41.
Kh6 b4 42. Kh7 Rc8 43. Nf6 b3 44. axb3 1-0

[Event "2nd Vergani Cup 2018"]
[Site "Villorba ITA"]
[Date "2018.01.04"]
[Round "4.11"]
[White "Bove, Alessandro"]
[Black "Getz, Nicolai"]
[Result "1-0"]
[WhiteTitle "FM"]
[BlackTitle "IM"]
[WhiteElo "2310"]
[BlackElo "2423"]
[WhiteFideId "814121"]
[BlackFideId "1505572"]
[EventDate "2018.01.02"]

1. d4 Nf6 2. Nf3 g6 3. Nc3 d5 4. Bf4 Bg7 5. Nb5 Na6 6. e3 Nh5 7. Bg5 c6 8. Nc3
Nc7 9. Be2 O-O 10. O-O f6 11. Bh4 g5 12. Nd2 gxh4 13. Bxh5 e5 14. Ne2 e4 15. Nf4
Ne6 16. Nxe6 Bxe6 17. f4 f5 18. c3 a5 19. a4 Kh8 20. Rb1 Bf6 21. b4 Bc8 22. Qb3
Rg8 23. Qa2 b6 24. b5 Be6 25. bxc6 Rc8 26. Be2 Rxc6 27. Rbc1 Qe7 28. Qb2 Qg7 29.
Rf2 Bf7 30. Bb5 Rd6 31. Nf1 h5 32. c4 dxc4 33. Bxc4 Rxd4 34. Bxf7 Rd7 35. Qb5
Rxf7 36. Qxf5 Qh7 37. Qe6 Bd8 38. Rc8 Qf5 39. Qh6+ Rh7 40. Qc6 Rhg7 41. Qh6+ Qh7
42. Qxh7+ Kxh7 43. Nd2 Re7 44. Rc4 Rge8 45. f5 Re5 46. f6 Kg6 47. f7 Rf8 48.
Rxe4 Rxe4 49. Nxe4 Be7 50. Kf1 Rxf7 51. Rxf7 Kxf7 52. Ke2 Ke6 53. Kd3 Kd5 54.
Nc3+ Kc5 55. e4 Bd6 56. h3 Bg3 57. Nd5 Bh2 58. Kc3 Be5+ 59. Kd3 b5 60. axb5 Kxb5
61. Ne3 Kb4 62. Nc4 Bg7 63. e5 a4 64. e6 Bf6 65. Nb6 Kb3 66. Nd7 a3 67. Nxf6 a2
68. e7 a1=Q 69. e8=Q Qc3+ 70. Ke4 Qxf6 71. Qxh5 Qe6+ 72. Qe5 Qg6+ 73. Kf3 Ka2 
{... illegible}
1-0

[Event "2nd Vergani Cup 2018"]
[Site "Villorba ITA"]
[Date "2018.01.04"]
[Round "4.12"]
[White "Martins, David Pires Tavares"]
[Black "Loiacono, Antonio"]
[Result "1-0"]
[WhiteTitle "IM"]
[WhiteElo "2392"]
[BlackElo "2217"]
[WhiteFideId "1909991"]
[BlackFideId "895415"]
[EventDate "2018.01.02"]

1. d4 Nf6 2. c4 g6 3. Nc3 Bg7 4. e4 d6 5. f3 O-O 6. Nge2 c5 7. Be3 cxd4 8. Nxd4
Nc6 9. Be2 Bd7 10. O-O a6 11. Rc1 Qb8 12. Nb3 Rc8 13. Na4 Rd8 14. Nb6 Be6 15.
Nxa8 Qxa8 16. Nd4 Nxd4 17. Bxd4 Bh6 18. Rc3 Nd7 19. f4 Nc5 20. f5 Bd7 21. Bxc5
dxc5 22. Rd3 Qc8 23. Bg4 gxf5 24. Bxf5 Be3+ 25. Kh1 Bd4 26. Bxh7+ Kf8 27. Qh5
Be6 28. Rdf3 Ke8 29. Rxf7 Kd7 30. Bf5 Qc6 31. Bxe6+ Qxe6 32. Qd5+ Qxd5 33. exd5
b5 34. b3 1-0

[Event "2nd Vergani Cup 2018"]
[Site "Villorba ITA"]
[Date "2018.01.04"]
[Round "4.13"]
[White "Landi, Alberto"]
[Black "Sapale, Saloni"]
[Result "1-0"]
[WhiteTitle "FM"]
[BlackTitle "WCM"]
[WhiteElo "2237"]
[BlackElo "2308"]
[WhiteFideId "894486"]
[BlackFideId "5085527"]
[EventDate "2018.01.02"]

1. e4 e6 2. d4 d5 3. Nd2 h6 4. Bd3 c5 5. dxc5 Bxc5 6. Ngf3 Nf6 7. Qe2 O-O 8. O-O
Nc6 9. e5 Nd7 10. c4 Re8 11. Nb3 Bf8 12. h3 Qc7 13. Bf4 Qd8 14. Rac1 g6 15. Rfd1
Nb6 16. Qe3 Kh7 17. a3 Bd7 18. c5 Nc8 19. Nbd4 a6 20. b4 N8e7 21. g4 Nxd4 22.
Nxd4 Nc6 23. Nf3 Bg7 24. h4 Rf8 25. h5 Rg8 26. Kg2 Ne7 27. Rh1 Qf8 28. Rh3 Rh8
29. Rch1 Kg8 30. hxg6 Nxg6 31. Bxh6 Bxh6 32. Rxh6 Rxh6 33. Rxh6 Qg7 34. Qg5 Be8
35. Bxg6 fxg6 36. Nh4 a5 37. Nxg6 Bf7 38. Rh8+ Qxh8 39. Nxh8+ Kxh8 40. Qh6+ Kg8
41. g5 1-0

[Event "2nd Vergani Cup 2018"]
[Site "Villorba ITA"]
[Date "2018.01.04"]
[Round "4.14"]
[White "Rapport, Jovana"]
[Black "Bettalli, Francesco"]
[Result "1/2-1/2"]
[WhiteTitle "WGM"]
[WhiteElo "2305"]
[BlackElo "2231"]
[WhiteFideId "937266"]
[BlackFideId "2816453"]
[EventDate "2018.01.02"]

1. Nf3 c5 2. c4 g6 3. e4 Nc6 4. d4 cxd4 5. Nxd4 Nf6 6. Nc3 d6 7. Be2 Nxd4 8.
Qxd4 Bg7 9. Be3 O-O 10. Qd2 a5 11. Rd1 Be6 12. b3 a4 13. e5 Ng4 14. Bxg4 Bxg4
15. f3 Bf5 16. Nxa4 Bxe5 17. O-O Be6 18. Bb6 Qe8 19. f4 Bg7 20. Bd4 Bxd4+ 21.
Qxd4 Bxc4 22. Qxc4 b5 23. Qe4 bxa4 24. f5 axb3 25. axb3 Rb8 26. Rd3 Qd7 27. Rh3
Qa7+ 28. Kh1 Kg7 29. Qh4 h5 30. f6+ exf6 31. Qxf6+ Kg8 32. Rxh5 gxh5 33. Qg5+
Kh7 34. Qxh5+ Kg7 35. Qg5+ Kh7 36. Qf5+ Kg8 37. Qg5+ Kh7 38. Qh4+ Kg8 39. Qg5+ 1/2-1/2

[Event "2nd Vergani Cup 2018"]
[Site "Villorba ITA"]
[Date "2018.01.04"]
[Round "4.15"]
[White "Tanriverdi, Enes"]
[Black "Dudin, Gleb"]
[Result "1-0"]
[WhiteTitle "FM"]
[WhiteElo "2259"]
[BlackElo "2073"]
[WhiteFideId "34543279"]
[BlackFideId "34184934"]
[EventDate "2018.01.02"]

1. d4 e6 2. c4 Nf6 3. Nf3 b6 4. g3 Bb7 5. Bg2 Bb4+ 6. Nbd2 O-O 7. O-O Ne4 8. Ng5
Bxd2 9. Nxe4 Bxc1 10. Rxc1 Kh8 11. d5 Na6 12. Qd2 Nc5 13. Nxc5 bxc5 14. Qe3 exd5
15. Qxc5 c6 16. cxd5 d6 17. Qb4 Rb8 18. Qa4 c5 19. Rc3 Qb6 20. Qc2 Kg8 21. Rd1
Rfe8 22. e3 Bc8 23. Qa4 Bg4 24. Qxg4 Qxb2 25. Rcc1 Qxa2 26. Qc4 Qxc4 27. Rxc4
Rb4 28. Rc2 a5 29. Ra1 a4 30. Bf1 Ra8 31. Ra3 Kf8 32. Bc4 Ke7 33. Kf1 Kf6 34.
Ke2 Ke5 35. f4+ Ke4 36. Ba2 Rab8 37. Rac3 Rb2 38. Bc4 Kf5 39. Kd3 a3 40. Re2
Rxe2 41. Kxe2 Kg4 1-0

[Event "2nd Vergani Cup 2018"]
[Site "Villorba ITA"]
[Date "2018.01.04"]
[Round "4.16"]
[White "Omeri, Silvan"]
[Black "Loiacono, Leonardo"]
[Result "1/2-1/2"]
[WhiteElo "2221"]
[BlackElo "2243"]
[WhiteFideId "825557"]
[BlackFideId "895423"]
[EventDate "2018.01.02"]

1. d4 Nf6 2. Nf3 c5 3. e3 e6 4. Be2 b6 5. O-O Bb7 6. b3 Be7 7. dxc5 bxc5 8. Bb2
O-O 9. c4 d5 10. Nc3 Nbd7 11. cxd5 exd5 12. Qc2 Rc8 13. Rfd1 Bd6 14. Nb5 Bb8 15.
Qf5 a6 16. Nc3 Qe7 17. Nxd5 Bxd5 18. Rxd5 Nxd5 19. Qxd5 Nf6 20. Qg5 Rc6 21. Rc1
Rfc8 22. g3 h6 23. Qf5 Qe6 24. Nh4 Bd6 25. Bxf6 Qxf6 26. Qxf6 gxf6 27. Nf5 Bf8
28. Rd1 a5 29. a4 Kh7 30. Bc4 R6c7 31. Kg2 Rb8 32. e4 Rcb7 33. f3 Kg6 34. h4 Kh7
35. h5 Kg8 36. Rd3 Kh7 37. f4 Rc7 38. Kf3 Rcb7 39. Ne3 Kg7 40. Kg4 Ra7 41. Kf5
Be7 42. Nd5 Bd8 43. Rd1 Rab7 44. Rh1 Rxb3 45. Bxb3 Rxb3 46. g4 Rb8 47. Rc1 Rc8
48. Rc2 Rc6 49. Ne3 Rc8 50. Nc4 Rb8 51. Rd2 Rb4 52. Rxd8 Rxc4 53. Rc8 Rxa4 54.
Rxc5 Rb4 55. Rxa5 Rb6 56. Rd5 Ra6 57. e5 fxe5 58. fxe5 Ra1 59. Rd4 Rf1+ 60. Ke4
Ra1 61. Rc4 Rf1 62. Kd5 Rd1+ 63. Rd4 Ra1 64. Ke4 Re1+ 65. Kf5 Rf1+ 66. Rf4 Rh1
67. Rf2 Re1 68. Kf4 Kh8 69. Kg3 Rg1+ 70. Kh3 Rh1+ 71. Kg2 Re1 1/2-1/2

[Event "2nd Vergani Cup 2018"]
[Site "Villorba ITA"]
[Date "2018.01.04"]
[Round "4.17"]
[White "Bifulco, Michel"]
[Black "Belli, Giorgio"]
[Result "1-0"]
[WhiteTitle "FM"]
[BlackTitle "FM"]
[WhiteElo "2302"]
[BlackElo "2211"]
[WhiteFideId "828580"]
[BlackFideId "2808833"]
[EventDate "2018.01.02"]

1. d4 Nf6 2. Nc3 d5 3. Bf4 a6 4. e3 b5 5. a3 e6 6. g4 h6 7. h4 c5 8. Qf3 Nc6 9.
dxc5 Qa5 10. Ra2 Ne4 11. b4 Nxb4 12. axb4 Qxb4 13. Bxb5+ axb5 14. Rxa8 Qxc3+ 15.
Kf1 Nd2+ 16. Kg2 Nxf3 17. Rxc8+ Kd7 18. Rc7+ Kd8 19. Nxf3 Bxc5 20. Rb7 Rf8 21.
Be5 Qc4 22. Ra1 Qxg4+ 23. Kh2 Kc8 24. Rc7+ Kb8 25. Rxf7+ 1-0

[Event "2nd Vergani Cup 2018"]
[Site "Villorba ITA"]
[Date "2018.01.04"]
[Round "4.18"]
[White "Dobboletta, Alex"]
[Black "Orfini, Nicolo'"]
[Result "0-1"]
[WhiteElo "2155"]
[BlackElo "2254"]
[WhiteFideId "865397"]
[BlackFideId "2805028"]
[EventDate "2018.01.02"]

1. c4 e5 2. Nc3 Nc6 3. g3 f5 4. Bg2 Nf6 5. e3 d5 6. cxd5 Nb4 7. d3 Nbxd5 8. Nxd5
Nxd5 9. Nf3 Bd6 10. O-O c6 11. Bd2 Qe7 12. Qa4 O-O 13. a3 Kh8 14. b4 Be6 15.
Rab1 a6 16. Qc2 Nf6 17. Bc3 Bg8 18. Nd2 Rad8 19. Nc4 Bc7 20. a4 Bd5 21. Bd2 e4
22. d4 Qe6 23. Rfc1 Rc8 24. Bf1 h6 25. b5 axb5 26. axb5 Nh7 27. bxc6 bxc6 28.
Nb6 Bxb6 29. Rxb6 Ng5 30. Bb4 Nf3+ 31. Kg2 Rf6 32. Bc4 Bxc4 33. Qxc4 Qe8 34. d5
Qh5 35. d6 Qxh2+ 36. Kf1 Rxd6 37. Qa6 Rdd8 38. Rbxc6 Rxc6 39. Qxc6 Qh1+ 40. Ke2
Ng1+ 41. Kf1 Nh3+ 0-1

[Event "2nd Vergani Cup 2018"]
[Site "Villorba ITA"]
[Date "2018.01.05"]
[Round "5.2"]
[White "Berkes, Ferenc"]
[Black "Korobov, Anton"]
[Result "1/2-1/2"]
[WhiteTitle "GM"]
[BlackTitle "GM"]
[WhiteElo "2662"]
[BlackElo "2652"]
[WhiteFideId "718572"]
[BlackFideId "14105730"]
[EventDate "2018.01.02"]

1. d4 Nf6 2. c4 e6 3. Nf3 b6 4. g3 Bb7 5. Bg2 Be7 6. O-O O-O 7. Nc3 Ne4 8. Bd2
d5 9. cxd5 exd5 10. Bf4 Nd7 11. Qa4 Nxc3 12. bxc3 c5 13. Rfd1 Nf6 14. Qc2 Rc8
15. Bh3 Rc6 16. Ne5 Rc7 17. Ng4 Rc6 18. Ne5 Rc7 19. Ng4 Rc6 20. Ne5 Rc7 1/2-1/2

[Event "2nd Vergani Cup 2018"]
[Site "Villorba ITA"]
[Date "2018.01.05"]
[Round "5.3"]
[White "Kveinys, Aloyzas"]
[Black "Sukandar, Irine Kharisma"]
[Result "1-0"]
[WhiteTitle "GM"]
[BlackTitle "IM"]
[WhiteElo "2547"]
[BlackElo "2387"]
[WhiteFideId "12800040"]
[BlackFideId "7101937"]
[EventDate "2018.01.02"]

1. d4 Nf6 2. c4 e6 3. Nc3 Bb4 4. Qc2 b6 5. e4 c5 6. d5 Qe7 7. Be2 d6 8. Nf3 O-O
9. O-O Bxc3 10. bxc3 exd5 11. exd5 Bg4 12. Be3 Nbd7 13. Rae1 Rfe8 14. Bd1 Bxf3
15. Bxf3 Ne5 16. Be2 Nfg4 17. Bd2 Qh4 18. Bf4 Qf6 19. Qd2 Qg6 20. f3 Nf6 21. g4
h5 22. h3 hxg4 23. hxg4 Nfd7 24. Bg3 f5 25. g5 Nf6 26. Kg2 f4 27. Bxf4 Nh5 28.
Bh2 Qf7 29. f4 Ng6 30. Kh1 Nh4 31. f5 Nxf5 32. Bxh5 Qxh5 33. Rxf5 Rxe1+ 34. Qxe1
Re8 35. Qf1 Qh4 36. g6 Qe4+ 37. Qf3 Qb1+ 38. Kg2 Qxa2+ 39. Kh3 Qd2 40. Bf4 1-0

[Event "2nd Vergani Cup 2018"]
[Site "Villorba ITA"]
[Date "2018.01.05"]
[Round "5.4"]
[White "Hilverda, Alexander"]
[Black "Raja, Harshit"]
[Result "0-1"]
[BlackTitle "IM"]
[WhiteElo "2370"]
[BlackElo "2427"]
[WhiteFideId "4695437"]
[BlackFideId "5089000"]
[EventDate "2018.01.02"]

1. e4 c5 2. Nf3 d6 3. Bb5+ Nd7 4. d4 cxd4 5. Qxd4 a6 6. Bxd7+ Bxd7 7. c4 e5 8.
Qd3 Rc8 9. Nc3 Qc7 10. b3 b5 11. Nd5 Qc5 12. Be3 bxc4 13. Qd1 Qa5+ 14. Nd2 Nf6
15. Bb6 Qa3 16. Rb1 Nxd5 17. exd5 cxb3 18. axb3 Qb4 19. Be3 Bb5 20. h4 Be7 21.
Rh3 Bd7 22. Rg3 g6 23. h5 Bh4 24. Qf3 Bxg3 25. Qf6 Bf4 26. Bxf4 Qxf4 27. Qxh8+
Ke7 28. Qxh7 Rc2 29. Rd1 Bg4 30. g3 Qxd2+ 0-1

[Event "2nd Vergani Cup 2018"]
[Site "Villorba ITA"]
[Date "2018.01.05"]
[Round "5.5"]
[White "Iniyan, P"]
[Black "Klek, Hanna Marie"]
[Result "1-0"]
[WhiteTitle "IM"]
[BlackTitle "WGM"]
[WhiteElo "2466"]
[BlackElo "2357"]
[WhiteFideId "25002767"]
[BlackFideId "24670057"]
[EventDate "2018.01.02"]

1. d4 d5 2. c4 e6 3. Nc3 Bb4 4. Nf3 Nf6 5. Bg5 h6 6. Bh4 O-O 7. cxd5 exd5 8. e3
Re8 9. Bd3 c5 10. O-O g5 11. Bg3 Ne4 12. Ne5 Bxc3 13. bxc3 Nxc3 14. Qh5 Qf6 15.
f4 g4 16. f5 Ne4 17. Bxe4 dxe4 18. Nxg4 Qg7 19. Nxh6+ 1-0

[Event "2nd Vergani Cup 2018"]
[Site "Villorba ITA"]
[Date "2018.01.05"]
[Round "5.6"]
[White "Bove, Alessandro"]
[Black "Mesaros, Florian"]
[Result "0-1"]
[WhiteTitle "FM"]
[BlackTitle "IM"]
[WhiteElo "2310"]
[BlackElo "2406"]
[WhiteFideId "814121"]
[BlackFideId "1629220"]
[EventDate "2018.01.02"]

1. d4 d5 2. Nf3 Nf6 3. e3 c5 4. Nbd2 cxd4 5. exd4 Bf5 6. Ne5 Nc6 7. Bb5 Rc8 8.
c3 g6 9. Ndf3 Bg7 10. Bf4 Nh5 11. Be3 Nf6 12. Bf4 Qb6 13. Qe2 O-O 14. O-O Ne4
15. Nxc6 bxc6 16. Ba6 Rce8 17. a4 f6 18. a5 Qd8 19. Rfd1 e5 20. Be3 Nd6 21. dxe5
fxe5 22. Qe1 Bd7 23. Be2 Nf5 24. Bc5 Rf7 25. Nd2 e4 26. Nf1 Nh4 27. Be3 Qc8 28.
Ng3 Nf5 29. Bxa7 e3 30. Nxf5 exf2+ 31. Bxf2 Bxf5 32. Qd2 Be4 33. a6 Be5 34. Bf1
Qg4 35. a7 Ra8 36. h3 Qf5 37. Bc5 Bf4 38. Qe2 Bc7 39. Bd4 Qf4 0-1

[Event "2nd Vergani Cup 2018"]
[Site "Villorba ITA"]
[Date "2018.01.05"]
[Round "5.7"]
[White "Baenziger, Fabian"]
[Black "Barp, Alberto"]
[Result "1/2-1/2"]
[WhiteTitle "FM"]
[BlackTitle "FM"]
[WhiteElo "2403"]
[BlackElo "2252"]
[WhiteFideId "1330110"]
[BlackFideId "872555"]
[EventDate "2018.01.02"]

1. d4 d5 2. c4 e6 3. Nf3 Nf6 4. g3 Bb4+ 5. Bd2 Bd6 6. Bg2 c6 7. Qc2 Nbd7 8. O-O
O-O 9. Bc3 Ne4 10. Nfd2 Nxc3 11. Nxc3 f5 12. e3 g5 13. Rab1 Rb8 14. Qd3 a6 15.
f3 b5 16. cxd5 cxd5 17. e4 b4 18. Nd1 dxe4 19. fxe4 Ne5 20. Qc2 Qb6 21. Nb3 Nc6
22. Qd2 f4 23. Kh1 e5 24. gxf4 gxf4 25. dxe5 Nxe5 26. Rxf4 Rxf4 27. Qxf4 Be6 28.
Qe3 Qxe3 29. Nxe3 Nd3 30. Bf1 Nf2+ 31. Kg2 Nxe4 32. Bc4 Bxc4 33. Nxc4 Rc8 1/2-1/2

[Event "2nd Vergani Cup 2018"]
[Site "Villorba ITA"]
[Date "2018.01.05"]
[Round "5.8"]
[White "Rahul, Srivatshav P"]
[Black "Stella, Andrea"]
[Result "1-0"]
[BlackTitle "GM"]
[WhiteElo "2317"]
[BlackElo "2511"]
[WhiteFideId "25059653"]
[BlackFideId "827061"]
[EventDate "2018.01.02"]

1. d4 Nf6 2. c4 g6 3. Nc3 d5 4. cxd5 Nxd5 5. e4 Nxc3 6. bxc3 Bg7 7. Nf3 c5 8.
Be3 Qa5 9. Qd2 O-O 10. Rc1 Rd8 11. d5 e6 12. Bg5 f6 13. Be3 Nc6 14. Bd3 b6 15.
O-O Ba6 16. Rfd1 exd5 17. Bxa6 Qxa6 18. exd5 Qc4 19. Bf4 Na5 20. d6 Rd7 21. Qe3
Qf7 22. Nd2 Re8 23. Qd3 Red8 24. h4 Bf8 25. Ne4 h6 26. g4 Nc4 27. Qd5 Bg7 28.
Rc2 f5 29. gxf5 gxf5 30. Ng3 Na3 31. Rb2 Bxc3 32. Rb3 Qxd5 33. Rxd5 Bb4 34. Nxf5
Kh7 35. Nxh6 Rf8 36. Rg3 1-0

[Event "2nd Vergani Cup 2018"]
[Site "Villorba ITA"]
[Date "2018.01.05"]
[Round "5.9"]
[White "Sadhwani, Raunak"]
[Black "Martins, David Pires Tavares"]
[Result "1/2-1/2"]
[WhiteTitle "FM"]
[BlackTitle "IM"]
[WhiteElo "2321"]
[BlackElo "2392"]
[WhiteFideId "35093487"]
[BlackFideId "1909991"]
[EventDate "2018.01.02"]

1. e4 e6 2. d4 d5 3. Nc3 Bb4 4. Ne2 dxe4 5. a3 Bxc3+ 6. Nxc3 Nc6 7. Bb5 Ne7 8.
Bg5 f6 9. Be3 O-O 10. Qd2 f5 11. O-O-O Nd5 12. Nxd5 exd5 13. Bxc6 bxc6 14. Bf4
Qe7 15. h4 Rb8 16. Qc3 Bd7 17. Bxc7 Rbc8 18. Qg3 Rf6 19. Bf4 c5 20. Bg5 cxd4 21.
Kb1 f4 22. Bxf6 fxg3 23. Bxe7 gxf2 24. Rxd4 1/2-1/2

[Event "2nd Vergani Cup 2018"]
[Site "Villorba ITA"]
[Date "2018.01.05"]
[Round "5.10"]
[White "Can, Isik"]
[Black "Tanriverdi, Enes"]
[Result "0-1"]
[WhiteTitle "FM"]
[BlackTitle "FM"]
[WhiteElo "2389"]
[BlackElo "2259"]
[WhiteFideId "6383742"]
[BlackFideId "34543279"]
[EventDate "2018.01.02"]

1. e4 c5 2. Nf3 e6 3. d4 cxd4 4. Nxd4 Nc6 5. Nc3 Qc7 6. f4 a6 7. Nxc6 Qxc6 8.
Bd3 b5 9. Qe2 Bb7 10. Bd2 Rc8 11. a3 Bc5 12. O-O-O Ne7 13. Qh5 Qb6 14. Rhf1 Be3
15. Qg5 Ng6 16. Qg3 Bxd2+ 17. Rxd2 Qc7 18. h4 O-O 19. h5 Ne7 20. h6 g6 21. e5 f5
22. exf6 Rxf6 23. Qg5 Rcf8 24. g3 d6 25. Re1 Nf5 26. Be4 d5 27. Bd3 Bc8 28. Ne2
Bd7 29. g4 Nd6 30. Ng3 Nc4 31. Nh5 R6f7 32. Bxc4 bxc4 33. Rd4 c3 34. b4 a5 35.
f5 exf5 36. Rxd5 fxg4 37. Rxa5 Qc4 0-1